Стихотворения В.Н. Муравьева "На 19 октября" (ежегодные - "На 19 октября 1899 г.", "На 19 октября 1900 г." и т.д.) и на темы жиз...

Доступно только в Электронных читальных залах Найти на картеНа карте
RUSMARC
00004156nmc2a22000003x 450
0014599aa24-3cae-46c5-92b0-b06d28045bc7
00520210203163740.0
100##$a20190702l18991901k l0rusy0189 ca
1010#$arus
$afre
102##$aRU
2001#$aСтихотворения В.Н. Муравьева "На 19 октября" (ежегодные - "На 19 октября 1899 г.", "На 19 октября 1900 г." и т.д.) и на темы жизни лицеистов
$j1899-1901 гг.
251##$cДело
300##$aТворческие материалы Валериана Николаевича Муравьева (1885-1919)
300##$aАвтограф (беловик, черновик, наброски); печатное
300##$aРисунки автора пером, в том числе карикатура на преподавателя английского языка Болтона
300##$aНа русском и французском языках
801#0$aRU
$bРГИА
$c20190702
$gRCR
801#1$aRU
$bГлавНИВЦ
$c20190702
$2rusmarc
801#2$aRU
$bПБ им. Б.Н. Ельцина
$c20210203
$gRCR
$2rusmarc
850##$aРГИА
852##$aРГИА
$eФедеральное казенное учреждение "Российский государственный исторический архив" (РГИА)
$j270
937##$hРГИА
$d12275579
$aASBIBLIO_SCAN
462#0$1001550f2e1e-efd2-42d6-8fd6-6c66e8002a35
$12001
$a1789-1919 гг.
$1251
$cОпись
$1852
$j1
461#0$1001e55ac5ec-b2ce-4102-abdd-bfb64c8f26c6
$12001
$aМуравьевы
$1251
$cФонд
$1852
$j995
215##$a34 л.
$cрис.
$d37х26,5 см
371##$aДокумент не является опубликованным и широко распространяемым
105##$aa###
1222#$ad
035##$a4599aa24-3cae-46c5-92b0-b06d28045bc7
856##$uhttp://readingroom.main.prlib.ru/item.aspx?id_node=n156145565&mode=full
Формат отображения